header

Interpreting nightingales (Record no. 40105)

MARC details
000 -LEADER
fixed length control field 01171nam a2200313Ia 4500
082 04 - DEWEY DECIMAL CLASSIFICATION NUMBER
Classification number 809/.9336
100 1# - MAIN ENTRY--AUTHOR NAME
Personal name Williams, Jeni.
245 10 - TITLE STATEMENT
Title Interpreting nightingales
260 ## - PUBLICATION, DISTRIBUTION, ETC. (IMPRINT)
Place of publication Sheffield :
Name of publisher Academic Press,
Year of publication 1997.
300 ## - PHYSICAL DESCRIPTION
Number of Pages 299 p.
650 #0 - SUBJECT ADDED ENTRY--TOPICAL TERM
Topical Term Nightingale in literature.
Topical Term Literature
856 40 - ELECTRONIC LOCATION AND ACCESS
Uniform Resource Identifier http://site.ebrary.com/lib/rucke/Doc?id=10224617

No items available.

© 2026 Rongo University
Contact us: librarian | system librarian | Rongo university